Statistics for Every The Weeknd Song on the Billboard Hot 100

Click here to take the quiz!

General Stats

  • This quiz has been taken 584 times
    (300 since last reset)
  • The average score is 39 of 91

Answer Stats

#YearSong% Correct
12020Blinding Lights
96%
12016Starboy ft. Daft Punk
93%
12015The Hills
91%
12015Can’t Feel My Face
87%
12021Save Your Tears (Ariana Grande)
87%
12019Heartless
78%
42018Call Out My Name
77%
202020After Hours
75%
432016Die For You
74%
42017I Feel It Coming ft. Daft Punk
74%
32015Earned It
73%
592015Often
67%
162020In Your Eyes
66%
62021Take My Breath
66%
162016Party Monster
61%
112022Sacrifice
61%
612016Stargirl Interlude ft. Lana Del Rey
60%
312016Reminder
59%
352018I Was Never There ft. Gesaffelstein
58%
322022Out Of Time
57%
532022Less Than Zero
56%
122016In The Night
55%
532013Wicked Games
55%
452020Faith
54%
292022Gasoline
54%
312022Is There Someone Else?
53%
212020Alone Again
51%
472016Secrets
51%
262018Try Me
51%
552016False Alarm
50%
72018Pray For Me (Kendrick Lamar)
49%
602015Acquainted
48%
72014Love Me Harder (Ariana Grande)
48%
272016Sidewalks ft. Kendrick Lamar
48%
322020Snowchild
48%
272018Wasted Times
48%
272021Moth To A Flame (Swedish House Mafia)
47%
392020Escape From LA
46%
432018Hurt You ft. Gesaffelstein
46%
282020Too Late
46%
392022How Do I Make You Love Me?
45%
252020Hardest To Love
44%
272019Lost In the Fire (Gesaffelstein)
44%
602022Best Friends
43%
442016Rockin’
42%
802020Until I Bleed Out
42%
242020Scared To Live
41%
792015Shameless
40%
692016A Lonely Night
39%
652022Dawn FM
39%
472015Prisoner ft. Lana Del Rey
39%
522018Privilege
39%
672016Attention
37%
542015Tell Your Friends
37%
462016All I Know
36%
342016Six Feet Under
36%
912015Dark Times ft. Ed Sheeran
35%
712016Love To Lay
35%
722016Ordinary Life
35%
622015Real Life
35%
692020Repeat After Me (Interlude)
35%
482016True Colors
35%
622022I Heard You're Married ft. Lil Wayne
34%
852015Losers ft. Labrinth
34%
792022Starry Eyes
34%
802012Crew Love (Drake)
33%
852022Don't Break My Heart
33%
522022Here We Go... Again ft. Tyler, The Creator
33%
62021One Right Now (Post Malone)
33%
112021You Right (Doja Cat)
33%
182016Low Life (Future)
30%
682016Nothing Without You
29%
642017Lust For Life (Lana Del Rey)
23%
122020Hawái (Maluma)
22%
902019Power Is Power (SZA & Travis Scott)
22%
82020Smile (Juice WRLD)
21%
932022Every Angel Is Terrifying
20%
352020off the table (Ariana Grande)
20%
382020Over Now (Calvin Harris)
19%
882021Better Believe (Belly & Young Thug)
14%
942021La Fama (Rosalía)
13%
682016Might Not (Belly)
13%
482017Comin Out Strong (Future)
11%
672017Curve (Gucci Mane)
11%
752017A Lie (French Montana)
9%
722019Price On My Head (NAV)
8%
842017UnFazed (Lil Uzi Vert)
8%
952015Where You Belong
8%
1820166 Inch (Beyoncé)
7%
632012Remember You (Wiz Khalifa)
7%
982018Thought I Knew You (Nicki Minaj)
4%

Score Distribution

Percentile by Number Answered

Percent of People with Each Score

Your Score History

You have not taken this quiz since the last reset